<?xml version='1.0' encoding='UTF-8'?>
  <record xmlns="http://www.loc.gov/MARC21/slim">
    <leader>00000cam a22000007i 4500</leader>
    <controlfield tag="001">ocn974084265</controlfield>
    <controlfield tag="003">OCoLC</controlfield>
    <controlfield tag="005">20240127100239.6</controlfield>
    <controlfield tag="008">991018m15761579gw            000 0 ger d</controlfield>
    <datafield tag="040" ind1=" " ind2=" ">
      <subfield code="a">QGJ</subfield>
      <subfield code="b">dut</subfield>
      <subfield code="e">fobidrtb</subfield>
      <subfield code="c">QGJ</subfield>
      <subfield code="d">OCLCA</subfield>
      <subfield code="d">QGJ</subfield>
      <subfield code="d">OCLCO</subfield>
      <subfield code="d">OCLCQ</subfield>
      <subfield code="d">OCLCO</subfield>
      <subfield code="d">OCLCL</subfield>
    </datafield>
    <datafield tag="035" ind1=" " ind2=" ">
      <subfield code="a">(OCoLC)974084265</subfield>
    </datafield>
    <datafield tag="041" ind1="1" ind2=" ">
      <subfield code="a">lat</subfield>
      <subfield code="h">heb</subfield>
    </datafield>
    <datafield tag="130" ind1="0" ind2=" ">
      <subfield code="a">Bijbel.</subfield>
      <subfield code="l">Latijn.</subfield>
      <subfield code="p">O.T.</subfield>
    </datafield>
    <datafield tag="245" ind1="1" ind2="0">
      <subfield code="a">Testamenti Veteris Biblia Sacra, sive libri canonici priscæ Iudæorvm ecclesiæ Deo traditi /</subfield>
      <subfield code="c">Latini recens ex Hebræo facti brevibusq(ue) scholiis illustrati ab Immanuele Tremellio &amp; Francisco Junio ;  accesservnt libri qvi vvlgo dicuntur Apocryphi, Latinè redditi &amp; notis quibusdam aucti a Francisco Junio.</subfield>
    </datafield>
    <datafield tag="246" ind1="3" ind2=" ">
      <subfield code="a">Testamenti Veteris Biblia Sacra, sive libri canonici priscae Judaeorum ecclesiae a Deo traditi</subfield>
    </datafield>
    <datafield tag="264" ind1=" " ind2="1">
      <subfield code="a">Francofvrti ad Moenum :</subfield>
      <subfield code="b">Ex officina typographica And. Wecheli,</subfield>
      <subfield code="c">M.D. LXXVI.-M.D. LXXIX. [1576-1579]</subfield>
    </datafield>
    <datafield tag="300" ind1=" " ind2=" ">
      <subfield code="a">5 delen (2 banden) ;</subfield>
      <subfield code="c">in-2 (34 cm)</subfield>
    </datafield>
    <datafield tag="336" ind1=" " ind2=" ">
      <subfield code="a">tekst</subfield>
      <subfield code="b">txt</subfield>
      <subfield code="2">rdacontent/dut</subfield>
    </datafield>
    <datafield tag="337" ind1=" " ind2=" ">
      <subfield code="a">zonder medium</subfield>
      <subfield code="b">n</subfield>
      <subfield code="2">rdamedia/dut</subfield>
    </datafield>
    <datafield tag="338" ind1=" " ind2=" ">
      <subfield code="a">band</subfield>
      <subfield code="b">nc</subfield>
      <subfield code="2">rdacarrier/dut</subfield>
    </datafield>
    <datafield tag="340" ind1=" " ind2=" ">
      <subfield code="m">folio</subfield>
      <subfield code="2">rdabf</subfield>
    </datafield>
    <datafield tag="500" ind1=" " ind2=" ">
      <subfield code="a">Jaar van uitgave deel 1, 3-5: 1579; jaar van uitgave deel 2: 1576.</subfield>
    </datafield>
    <datafield tag="500" ind1=" " ind2=" ">
      <subfield code="a">Drukkersmerk op titelbladen en laatste pagina's van afzonderlijke delen.</subfield>
    </datafield>
    <datafield tag="500" ind1=" " ind2=" ">
      <subfield code="a">Paginering: deel 1: [12], 351 [=387], [1]; deel 2: [8], 513, [3]; deel 3: [8], 347, [1]; deel 4: [4], 554, [2]; deel 5: [8], 359, [1] pagina's.</subfield>
    </datafield>
    <datafield tag="500" ind1=" " ind2=" ">
      <subfield code="a">Collatieformules: deel 1: ã⁶ a-z⁶ A-H⁶ I⁸; deel 2: )(⁴ A-Z⁶ Aa-Vv⁶; deel 3: ã⁴ a-z⁶ Aa-Ff⁶; deel 4: *² A-Z⁶ AA-YY⁶ ZZ⁸; deel 5: ()⁴ Aaa-Zzz⁶ AAa-GGg⁶.</subfield>
    </datafield>
    <datafield tag="505" ind1="0" ind2="0">
      <subfield code="g">I. [Genesis -- Deuteronomium] -- II.</subfield>
      <subfield code="t">Bibliorvm pars secvnda, id est Libri historici ... --</subfield>
      <subfield code="g">III.</subfield>
      <subfield code="t">Bibliorvm pars tertia, ie est, Qvinque libri poetici ... --</subfield>
      <subfield code="g">IV.</subfield>
      <subfield code="t">Bibliorvm pars qvarta, id est, Prophetici libri omnes, numer XVI ... --</subfield>
      <subfield code="g">V.</subfield>
      <subfield code="t">Libri apocryphi, sive appendix Testamenti Veteris ad canonem priscæ Ecclesiæ adjecta ...</subfield>
    </datafield>
    <datafield tag="510" ind1="4" ind2=" ">
      <subfield code="a">Historical catalogue of the printed editions of Holy Scripture in the Library of the British and Foreign Bible Society,</subfield>
      <subfield code="c">6165 (vgl.)</subfield>
    </datafield>
    <datafield tag="510" ind1="4" ind2=" ">
      <subfield code="a">Verzeichnis der im deutschen Sprachbereich erschienenen Drucke des 16. Jahrhunderts (VD 16),</subfield>
      <subfield code="c">ZV 1566</subfield>
    </datafield>
    <datafield tag="700" ind1="1" ind2=" ">
      <subfield code="a">Tremellius, Immanuel,</subfield>
      <subfield code="d">1510-1580.</subfield>
      <subfield code="4">trl</subfield>
      <subfield code="1">https://id.oclc.org/worldcat/entity/E39PBJv8HKCCBg78w3pvJyTGpP</subfield>
    </datafield>
    <datafield tag="700" ind1="1" ind2=" ">
      <subfield code="a">Junius, Franciscus,</subfield>
      <subfield code="c">theoloog,</subfield>
      <subfield code="d">1545-1602.</subfield>
      <subfield code="4">trl</subfield>
      <subfield code="1">https://id.oclc.org/worldcat/entity/E39PBJpJdVFY8GFqVFfHGmjDMP</subfield>
    </datafield>
    <datafield tag="700" ind1="0" ind2=" ">
      <subfield code="a">Frederik</subfield>
      <subfield code="b">III,</subfield>
      <subfield code="c">keurvorst van de Palts.</subfield>
      <subfield code="4">dte</subfield>
    </datafield>
    <datafield tag="700" ind1="0" ind2=" ">
      <subfield code="a">Johann Casimir,</subfield>
      <subfield code="c">van Palts-Simmer.</subfield>
      <subfield code="4">dte</subfield>
    </datafield>
    <datafield tag="700" ind1="0" ind2=" ">
      <subfield code="a">Wilhelm</subfield>
      <subfield code="b">IV,</subfield>
      <subfield code="c">Landgraf von Hessen-Kassel,</subfield>
      <subfield code="d">1532-1592.</subfield>
      <subfield code="4">dte</subfield>
      <subfield code="1">https://id.oclc.org/worldcat/entity/E39PCjwqh6BTFYWYF9qM4k8hwP</subfield>
    </datafield>
    <datafield tag="700" ind1="0" ind2=" ">
      <subfield code="a">Willem</subfield>
      <subfield code="b">I,</subfield>
      <subfield code="c">prins van Oranje,</subfield>
      <subfield code="d">1533-1584.</subfield>
      <subfield code="4">dte</subfield>
      <subfield code="1">https://id.oclc.org/worldcat/entity/E39PCjtQdGdFpBPQtTJrtJtcpq</subfield>
    </datafield>
    <datafield tag="710" ind1="0" ind2=" ">
      <subfield code="a">Wechel, Andreas (Frankfort a.M.)</subfield>
      <subfield code="4">prt</subfield>
      <subfield code="0">(NL-LeOCL)077153383</subfield>
    </datafield>
    <datafield tag="758" ind1=" " ind2=" ">
      <subfield code="a">Testamenti Veteris Biblia Sacra, sive libri canonici priscæ Iudæorvm ecclesiæ Deo traditi (Text)</subfield>
      <subfield code="1">https://id.oclc.org/worldcat/entity/E39PCFwBQVqRGVKXQTJqFtj6cd</subfield>
      <subfield code="4">https://id.oclc.org/worldcat/ontology/hasWork</subfield>
    </datafield>
  </record>